[Event "Pardubice rapid op 34th"]
[Site "Pardubice"]
[Date "2023.07.19"]
[Round "2"]
[White "Ahn, Sungmin"]
[Black "Martianov, Andre"]
[Result "0-1"]
[WhiteElo "1776"]
[BlackElo "1951"]
[PlyCount "92"]
[EventDate "2023.07.19"]
[EventType "swiss (rapid)"]
[EventRounds "9"]
[EventCountry "CZE"]
[SourceTitle "CBM 215 Extra"]
[Source "ChessBase"]
[SourceDate "2023.09.30"]
[SourceVersion "1"]
[SourceVersionDate "2023.09.30"]
[SourceQuality "1"]

1. e4 c5 2. Nf3 Nc6 3. Bb5 e6 4. Bxc6 bxc6 5. Qe2 Qc7 6. e5 f6 7. b3 fxe5 8. Nxe5 Nf6 9. 0-0 Bd6 10. Bb2 0-0 11. Na3 a5 12. h3 a4 13. d3 Be7 14. Nac4 Ba6 15. Nd2 a3 16. Bc1 Nd5 17. Ndf3 Rf5 18. Ng4 h5 19. Ne3 Rff8 20. Nxd5 cxd5 21. Bg5 Rxf3 22. Bxe7 Rf7 23. Bg5 g6 24. c4 d4 25. Rae1 Rf5 26. Bc1 Bb7 27. Qd2 Qc6 28. f3 e5 29. b4 Ra4 30. b5 Qf6 31. Qd1 Ra8 32. Rf2 d5 33. Qb3 e4 34. dxe4 dxe4 35. Bxa3 Rf8 36. Bb2 exf3 37. g3 Qg5 38. Kh2 h4 39. Rg1 hxg3+ 40. Rxg3 Qf4 41. Qd1 Rh5 42. Bc1 Rxh3+ 43. Kxh3 Bc8+ 44. Kh2 Qh4+ 45. Kg1 Qxg3+ 46. Kf1 Bh3+ 0-1